Armonización de la seguridad social en la C.E.E. : sus problemas de financiación / introducción y selección de Luis Enrique de la Villa sus problemas de financiación / introducción y selección de Luis Enrique de la Villa
Descripción Física:
491 p. ; 19 cm
Colección:
Libros de bolsillo ; 31
Otros Autores:
Villa Gil, Luis Enrique de la
MARC
| LEADER | 00000nam a2200000Ia 4500 | ||
|---|---|---|---|
| 001 | 659 | ||
| 008 | 160829s9999 xx 000 0 cat d | ||
| 080 | |a M-2-339 | ||
| 245 | |a Armonización de la seguridad social en la C.E.E. : |b sus problemas de financiación / introducción y selección de Luis Enrique de la Villa | ||
| 260 | |a [S.l.] : |b Instituto de Estudios Fiscales, DL 1975 | ||
| 300 | |a 491 p. ; |c 19 cm | ||
| 490 | |a Libros de bolsillo ; 31 | ||
| 590 | |a Abans del títol: Ministerio de Hacienda. | ||
| 650 | |a Seguretat social |x Comunitat Econòmica Europea, Països de la |9 34161 | ||
| 700 | |a Villa Gil, Luis Enrique de la |9 34162 | ||
| 901 | |a Arxiu | ||
| 942 | |n 1 | ||
| 952 | |0 0 |1 0 |4 0 |6 M2339 |7 1 |9 46402 |a Arxiu |b Arxiu |d 2016-12-01 |l 0 |o M-2-339 |p 659 |r 2016-12-01 00:00:00 |w 2016-12-01 |y ARXIU | ||
| 999 | |c 50187 |d 50187 | ||